Eastern Utah Libraries Catalog: Duchesne, Heber, Roosevelt, & Vernal

The traitor in the tunnel / (Record no. 84476)

MARC details
000 -LEADER
fixed length control field 02739cam a22005775a 4500
001 - CONTROL NUMBER
control field 17254592
005 - DATE AND TIME OF LATEST TRANSACTION
control field 20241220132403.0
008 - FIXED-LENGTH DATA ELEMENTS--GENERAL INFORMATION
fixed length control field 120413s2012 mau j 000 1 eng d
010 ## - LIBRARY OF CONGRESS CONTROL NUMBER
LC control number 2011282869
020 ## - INTERNATIONAL STANDARD BOOK NUMBER
International Standard Book Number 9780763687519
035 ## - SYSTEM CONTROL NUMBER
System control number (DLC)17254592
035 ## - SYSTEM CONTROL NUMBER
System control number (DLC)2011282869
035 ## - SYSTEM CONTROL NUMBER
System control number (OCoLC)ocn744286088
040 ## - CATALOGING SOURCE
Original cataloging agency BTCTA
Language of cataloging eng
Transcribing agency BTCTA
Modifying agency BDX
-- L@L
-- MCW
-- BKX
-- IFJ
-- DLC
Description conventions rda
042 ## - AUTHENTICATION CODE
Authentication code lccopycat
082 04 - DEWEY DECIMAL CLASSIFICATION NUMBER
Classification number [Fic]
Edition number 23
092 ## - LOCALLY ASSIGNED DEWEY CALL NUMBER (OCLC)
Classification number LEE
100 1# - MAIN ENTRY--PERSONAL NAME
Personal name Lee, Y. S.
Fuller form of name (Ying S.),
Dates associated with a name 1974-
9 (RLIN) 6235539
245 14 - TITLE STATEMENT
Title The traitor in the tunnel /
Statement of responsibility, etc Y. S. Lee.
250 ## - EDITION STATEMENT
Edition statement 1st U.S. ed.
260 ## - PUBLICATION, DISTRIBUTION, ETC. (IMPRINT)
Place of publication, distribution, etc Somerville, Mass. :
Name of publisher, distributor, etc Candlewick Press,
Date of publication, distribution, etc 2012.
264 ## - Production, Publication, Distribution, Manufacture, and Copyright Notice.
Place of production, publication, distribution, manufacture Somerville, Mass. :
Name of producer, publisher, distributor, manufacturer Candlewick Press,
Date of production, publication, distribution, manufacture, or copyr 2016
300 ## - PHYSICAL DESCRIPTION
Extent 373 p. ;
Dimensions 22 cm.
490 0# - SERIES STATEMENT
Series statement The Agency :
Volume number/sequential designation #3
500 ## - GENERAL NOTE
General note "A Mary Quinn mystery"--Jacket.
520 ## - SUMMARY, ETC.
Summary, etc "Queen Victoria has a problem: there's a petty thief at work in Buckingham Palace. Charged with discretion, the Agency assigns quick-witted Mary Quinn to the case. Posing as a domestic in the royal household and fending off the attentions of a feckless Prince of Wales are challenge enough, but when the prince witnesses a murder in an opium den -- and scandal threatens the royal family -- Mary learns that the accused killer may be someone very close to her."--p.4 of cover.
650 #0 - SUBJECT ADDED ENTRY--TOPICAL TERM
Topical term or geographic name as entry element Sex role
Form subdivision Juvenile fiction.
9 (RLIN) 5681238
650 #0 - SUBJECT ADDED ENTRY--TOPICAL TERM
Topical term or geographic name as entry element Orphans
Form subdivision Juvenile fiction.
9 (RLIN) 5673937
650 #0 - SUBJECT ADDED ENTRY--TOPICAL TERM
Topical term or geographic name as entry element Murder
Form subdivision Juvenile fiction.
9 (RLIN) 5689346
650 #0 - SUBJECT ADDED ENTRY--TOPICAL TERM
Topical term or geographic name as entry element Household employees
Form subdivision Juvenile fiction.
9 (RLIN) 5689094
650 #1 - SUBJECT ADDED ENTRY--TOPICAL TERM
Topical term or geographic name as entry element Sex role
Form subdivision Fiction.
9 (RLIN) 5679117
650 #1 - SUBJECT ADDED ENTRY--TOPICAL TERM
Topical term or geographic name as entry element Orphans
Form subdivision Fiction.
9 (RLIN) 5673861
650 #1 - SUBJECT ADDED ENTRY--TOPICAL TERM
Topical term or geographic name as entry element Murder
Form subdivision Fiction.
9 (RLIN) 5674892
650 #1 - SUBJECT ADDED ENTRY--TOPICAL TERM
Topical term or geographic name as entry element Household employees
Form subdivision Fiction.
9 (RLIN) 5689095
651 #0 - SUBJECT ADDED ENTRY--GEOGRAPHIC NAME
Geographic name London (England)
General subdivision History
Chronological subdivision 19th century
Form subdivision Juvenile fiction.
9 (RLIN) 5674663
651 #0 - SUBJECT ADDED ENTRY--GEOGRAPHIC NAME
Geographic name Great Britain
General subdivision History
Chronological subdivision Victoria, 1837-1901
Form subdivision Juvenile fiction.
9 (RLIN) 5696701
651 #1 - SUBJECT ADDED ENTRY--GEOGRAPHIC NAME
Geographic name London (England)
General subdivision History
Chronological subdivision 19th century
Form subdivision Fiction.
9 (RLIN) 5674665
651 #1 - SUBJECT ADDED ENTRY--GEOGRAPHIC NAME
Geographic name Great Britain
General subdivision History
Chronological subdivision Victoria, 1837-1901
Form subdivision Fiction.
9 (RLIN) 5676073
655 #0 - INDEX TERM--GENRE/FORM
Genre/form data or focus term Young adult fiction.
9 (RLIN) 6235540
655 #7 - INDEX TERM--GENRE/FORM
Genre/form data or focus term Historical fiction.
Source of term gsafd
9 (RLIN) 6235541
655 #7 - INDEX TERM--GENRE/FORM
Genre/form data or focus term Mystery fiction.
Source of term gsafd
9 (RLIN) 6235542
655 #7 - INDEX TERM--GENRE/FORM
Genre/form data or focus term Historical mystery novels.
Source of term gsafd
9 (RLIN) 6235543
856 42 - ELECTRONIC LOCATION AND ACCESS
Materials specified Contributor biographical information
Uniform Resource Identifier <a href="http://www.loc.gov/catdir/enhancements/fy1211/2011282869-b.html">http://www.loc.gov/catdir/enhancements/fy1211/2011282869-b.html</a>
856 42 - ELECTRONIC LOCATION AND ACCESS
Materials specified Publisher description
Uniform Resource Identifier <a href="http://www.loc.gov/catdir/enhancements/fy1211/2011282869-d.html">http://www.loc.gov/catdir/enhancements/fy1211/2011282869-d.html</a>
906 ## - LOCAL DATA ELEMENT F, LDF (RLIN)
a 0
b ibc
c copycat
d 2
e ncip
f 20
g y-gencatlg
942 ## - ADDED ENTRY ELEMENTS (KOHA)
Koha item type BOOK
Source of classification or shelving scheme Dewey Decimal Classification
Holdings
Withdrawn status Lost status Source of classification or shelving scheme Damaged status Not for loan Collection code Home library Current library Shelving location Date acquired Source of acquisition Serial Enumeration / chronology Total Checkouts Full call number Barcode Date last seen Date checked out Cost, replacement price Price effective from Koha item type
    Dewey Decimal Classification     Young Adult Fiction Wasatch County Library Wasatch County Library Main Floor Teen Area 09/09/2021 Amazon #3 The Agency 2 YA Lee 34301001807199 08/13/2024 08/10/2024 16.99 09/09/2021 BOOK
This project was made possible through a grant from the Institute of Museum and Library Service administered by the Utah State Library Division.

Wasatch County Library

  • 465 East 1200 South, Heber City, Utah 84032
  • Phone 435-654-1511 | Fax 435-654-6456

Hours

  • Monday - Friday 9:30 AM - 8:00 PM
  • Saturday 9:30 AM - 1:30 PM
  • Closed Sundays and Holidays